000
00317nam a2200133Ia 4500
008
130318s9999 xx 000 0 und d
020
_a
8120315499
082
_a
005.43L RAY/T
100
_a
Ray, John
245
_a
10 minute guide to Linux
260
_b
PHI Learning
_a
New Delhi
_c
1999
300
_a
212
650
_a
LINUX
999
_c
164
_d
164